=LDR 00000nam 2200000 4500 =001 INLIS000000000001531 =005 20130612085929 =008 ***********************************Ind** =035 ##$$0010-061300000001531 =041 ##$$a Ind =082 ##$$a 339.47 =090 ##$$a 339.47, Lur-b =100 ##$$a LURY, Celia =245 ##$$a Budaya konsumen, Celia Lury; Penerjemah, Hasti T. Champion =260 ##$$a 1998 $b Jakarta =300 ##$$a xviii, 366 hlm, ilus, 21 cm =650 ##$$a Konsumen =700 ##$$a CHAMPION, Hasti T =850 ##$$a NBPNMAT